हस्ताक्षराSो अंतरंग (Record no. 328618)

MARC details
000 -LEADER
fixed length control field 00614nam a2200169Ia 4500
008 - FIXED-LENGTH DATA ELEMENTS--GENERAL INFORMATION
fixed length control field 090711s9999 xx 000 0 und d
082 ## - DEWEY DECIMAL CLASSIFICATION NUMBER
Item number 79229
100 ## - MAIN ENTRY--PERSONAL NAME
Personal name घाणेकर मधुसूदन
245 ## - TITLE STATEMENT
Title हस्ताक्षराSो अंतरंग
260 ## - PUBLICATION, DISTRIBUTION, ETC. (IMPRINT)
Name of publisher, distributor, etc सुयोग प्रकाशन
Date of publication, distribution, etc 1996
300 ## - PHYSICAL DESCRIPTION
Extent 132
600 ## - SUBJECT ADDED ENTRY--PERSONAL NAME
Personal name घाणेकर मधुसूदन
630 ## - SUBJECT ADDED ENTRY--UNIFORM TITLE
Uniform title हस्ताक्षराSो अंतरंग
700 ## - ADDED ENTRY--PERSONAL NAME
Personal name घाणेकर मधुसूदन
730 ## - ADDED ENTRY--UNIFORM TITLE
Uniform title हस्ताक्षराSो अंतरंग
942 ## - ADDED ENTRY ELEMENTS (KOHA)
Koha item type Book

No items available.